000 01112nam a2200241Ia 4500
999 _c44980
_d44980
001 11801
003 GE_BSU
005 20240618110715.0
008 181216s2014||||ge |||||||||||||| ||geo||
020 _a9789941936876
040 _cGE_BSU
041 _ageo
080 _a821.353.1–1 ჟ–99
100 _aჟღენტი–ჯიჯავაძე, ნათელა
_922466
245 _aბილიკებში ჩაკარგული ოცნებები :
_bლექსები /
_cნათელა ჟღენტი–ჯიჯავაძე ; რედ. ჯემალ მეგრელიძე.
264 _aთბილისი :
_bშპს "სვეტი,
_c2014.
300 _a199 გვ. :
_bილ. :
_c20 სმ.
500 _aფოტო გარეკანზე : მამუკა ჯიჯავაძე
653 _aბილიკებში ჩაკარგული ოცნებები
653 _aლექსები
700 _aმეგრელიძე, ჯემალ
_eრედაქტორი
_922467
942 _cBK
_2udc